000
00329nam a2200133Ia 4500
005
20251222143207.0
008
251222s9999||||xx |||||||||||||| ||spa||
082
_a
986.600.72/G62
100
_a
Gómez Iturralde, José Antonio
245
0
_a
Guayaquil:
250
_a
1ra.ed.
264
_b
Politécnico del Litoral
942
_c
LIB
999
_c
13311
_d
13311